| 000 | 00596nam a2200229 a 4500 | ||
|---|---|---|---|
| 999 |
_c4647 _d4647 |
||
| 001 | 4647 | ||
| 003 | BD-JhCC | ||
| 005 | 20171129164037.0 | ||
| 008 | 171129s19311969enka|||| ||a| 001 0 eng d | ||
| 020 | _a582310555 | ||
| 035 | _a(BD-JhCC)4647 | ||
| 040 |
_aBD-JhCC _dBD-JhCC |
||
| 041 | _aeng | ||
| 082 |
_a914 _bSTA 1931 |
||
| 100 | _aStamp, Sir Dudley | ||
| 245 |
_aA Regional Geography for Advanced and Scholarship Courses / _cSir Dudley Stamp |
||
| 260 |
_aLondon : _bLongmans, _c1931. |
||
| 300 |
_a336 p. : _c22 cm. |
||
| 650 | _aRegional Gography | ||
| 942 |
_2ddc _cBK |
||